Logo BPK

Biblioteka

Politechniki Koszalińskiej

Proceedings of the 7th American Water Jet Conference. Vol.2 : (Rekord nr 39887)

Szczegóły MARC
000 -ETYKIETA REKORDU
podpole kontrolne o stałej długości 00959nam a2200277 i 4500
001 - NUMER KONTROLNY REKORDU
pole kontrolne bg
020 ## - MIĘDZYNARODOWY ZNORMALIZOWANY NUMER KSIĄŻKI - ISBN
ISBN 1880342030 (Vol.1)
020 ## - MIĘDZYNARODOWY ZNORMALIZOWANY NUMER KSIĄŻKI - ISBN
ISBN 1880342049 (2 Vol.Set)
040 ## - ŹRÓDŁO KATALOGOWANIA
Instytucja, która utworzyła rekord BPK
041 0# - KOD JĘZYKA
Kod języka tekstu en
041 0# - KOD JĘZYKA
Kod języka tekstu en
080 ## - UNIWERSALNA KLASYFIKACJA DZIESIĘTNA - UKD
UKD 532(061)
920 ## - Międzynarodowy znormalizowany numer książki – ISBN
ISBN 1-880342-03-0 (Vol.1)
920 ## - Międzynarodowy znormalizowany numer książki – ISBN
ISBN 1-880342-04-9 (2 Vol.Set)
008 - POLE O STAŁEJ DŁUGOŚCI - DANE KONTROLNE
podpole kontrolne o stałej długości s pl f |000 0 pol
245 #C - TYTUŁ/ODPOWIEDZIALNOŚĆ
Tytuł Proceedings of the 7th American Water Jet Conference. Vol.2 :
Ciąg dalszy tytułu August 28-31, 1993 Seatle, Washington /
Pozostałe elementy strefy tytułu i oznaczenia odpowiedzialności ed. Mohamed Hashish.
260 ## - STREFA ADRESU WYDAWNICZEGO
Miejsce wydania St. Louis :
Nazwa wydawcy/dystrybutora Water Jet Technology Association,
Data publikacji, dystrybucji/powstania dokumentu 1993.
300 ## - STREFA OPISU FIZYCZNEGO
Objętość XII, 473-962, 4 s. :
Inne cechy fizyczne fot., rys., wykr. ;
Rozmiary 27 cm.
504 ## - UWAGA DOTYCZĄCA BIBLIOGRAFII
Informacje o bibliografii Bibliogr. przy ref. - Indeks.
650 #9 - HASŁO PRZEDMIOTOWE W FORMIE NAZWY OGÓLNEJ LUB JEDNOSTKOWEJ
Nazwa ogólna lub geograficzna Wysokociśnieniowa struga wody
Określnik ogólny stosowanie
650 #9 - HASŁO PRZEDMIOTOWE W FORMIE NAZWY OGÓLNEJ LUB JEDNOSTKOWEJ
Nazwa ogólna lub geograficzna Hydromechanika
655 ## - TERMIN INDEKSOWY - OKREŚLENIE RODZAJU/FORMY DOKUMENTU
Określenie rodzaju/formy dokumentu Materiały konferencyjne
700 1# - HASŁO DODATKOWE - NAZWA OSOBOWA
Nazwa osobowa HASHISH, Mohamed.
Określenie związku między hasłem a opisywanym materiałem Red.
856 ## - LOKALIZACJA I DOSTĘP DO ELEKTRONICZNYCH DOKUMENTÓW ZDALNYCH
Link (URL) http://koha.tu.koszalin.pl/cgi-bin/koha/opac-detail.pl?biblionumber=39887
Tekst linku Katalog online BPK
942 ## - DODATKOWE ELEMENTY (KOHA)
Typ dokumentu Książka
Egzemplarze
Wycofany Status egzemplarza Uszkodzony Dostępność Lokalizacja stała Lokalizacja bieżąca Miejsce przechowywania Sygnatura Kod kreskowy Typ dokumentu
      Dostępny Biblioteka Politechniki Koszalińskiej Biblioteka Politechniki Koszalińskiej Wypożyczalnia BG 59734 01585100 Książka
© 2023 Biblioteka Politechniki Koszalińskiej :: KOHA